000 00578nam a2200133Ia 4500
008 100328s9999 xx 000 0 und d
082 _b67776
100 _aआलेगावकर प.म.
245 _aशोा अलौकिक विचारांचा नवनिर्मितीचा.
260 _bदिलीपराज.
630 _aशोा अलौकिक विचारांचा नवनिर्मितीचा.
730 _aशोा अलौकिक विचारांचा नवनिर्मितीचा.
942 _cBOOK
999 _c553515
_d553512